PROBLÉMY ADAPTÁCIE ŠTUDENTOV NA VYSOKÚ ŠKOLU

Saved in:
Bibliographic Details
Main Author: Hreščák, Peter, 1982- (Author)
Other Authors: Varela Cano, Diana Patricia, 1- (xxx)
Format: Manuscript Book
Language:Slovak
Published: STU v Bratislave MTF UIPH, 2010
Subjects:
Online Access:VAIS
Tags: Add Tag
No Tags, Be the first to tag this record!

MARC

LEADER 00000ntm a22000003a 4500
001 stu206314
005 20160719160244.3
008 100702s2010------------------------slo-d
040 |a STU  |b slo 
041 0 |a slo 
100 1 |a Hreščák, Peter,  |d 1982-  |4 aut  |X 34422  |7 A000034422 
242 0 0 |a Problems that Students Have with Adaptingy to University Environment  |y eng 
245 1 |a PROBLÉMY ADAPTÁCIE ŠTUDENTOV NA VYSOKÚ ŠKOLU 
260 |b STU v Bratislave MTF UIPH,  |c 2010 
650 7 |a pedagóg  |2 stusub 
650 7 |a adaptation  |2 estusub 
650 7 |a adaptácia  |2 stusub 
650 7 |a škola  |2 stusub 
700 1 |a Varela Cano, Diana Patricia,  |d 1-  |4 xxx  |X 61777  |7 A000061777 
856 4 |a info a plný text  |u http://is.stuba.sk/zp/portal_zp.pl?podrobnosti=58647  |3 VAIS 
996 |c M*DP-9633  |l MMSKP  |s P  |a 0  |w stu206314_0001